MARC

LEADER 00000nam0a2200000 4500
001 366057
005 20231102011838.0
035 |a (RuTPU)RU\TPU\retro\23420 
090 |a 366057 
100 |a 20220128d1978 km y0rusy50 ca 
101 0 |a rus 
102 |a GE 
105 |a a z 001zy 
200 1 |a Строение Земли по поверхностным волнам  |f Д. И. Сихарулидзе  |g Академия наук Грузинской ССР, Институт геофизики 
210 |a Тбилиси  |c Мецниереба  |d 1978 
215 |a 248 с.  |c ил. 
320 |a Библиогр.: с. 228-241 
606 1 |a Сейсмические волны, поверхностные  |x Метод  |2 stltpush  |3 (RuTPU)RU\TPU\subj\54366  |9 72523 
610 1 |a Земля 
610 1 |a строение 
610 1 |a поверхностные волны 
610 1 |a отражение 
610 1 |a преломление 
610 1 |a границы 
610 1 |a дисперсионные волны 
675 |a 550.834  |v 4 
700 1 |a Сихарулидзе  |b Д. И.  |g Давид Ильич 
712 0 2 |a Академия наук Грузинской ССР  |b Институт геофизики  |c (Тбилиси)  |2 stltpush  |3 (RuTPU)RU\TPU\col\20572  |9 27771 
801 1 |a RU  |b 63413507  |c 20220128 
942 |c BK